| 000 | 00596nam a2200181Ia 4500 | ||
|---|---|---|---|
| 008 | 090124s9999 xx 000 0 und d | ||
| 082 |
_b28766 _a7175 |
||
| 100 | _aकाळे व.पु. (वसंत पुरुषोत्तम) | ||
| 245 | _a महोत्सव | ||
| 250 | _a1 | ||
| 260 | _c1997 | ||
| 300 | _a224 | ||
| 600 | _aकाळे व.पु. (वसंत पुरुषोत्तम) | ||
| 630 | _a महोत्सव | ||
| 700 | _aकाळे व.पु. (वसंत पुरुषोत्तम) | ||
| 730 | _a महोत्सव | ||
| 942 | _cBOOK | ||
| 999 |
_c142222 _d142222 |
||